000 00854nab a2200241 u 4500
001 11528
003 HDC
007 cr bn ---aaaaa
008 210207b2015mmddmy |||no |||| 00| 0 eng d
040 _aHDC
245 0 _aTeh tarik, roti canai, durian popular at Malaysian halal food fair in China /
_cThe Malaysian Insider
260 _aMalaysia:
_bThe Edge Media Group,
_c2015
300 _a1 online resource
336 _atext
_2rdacontent
337 _acomputer
_2rdamedia
338 _aonline resource
_2rdacarrier
650 _aHalal food industry
_zChina
_xExhibition
_911858
710 _aThe Malaysian Insider
856 _zRequest full-text at [email protected]
942 _2lcc
942 _cNEWS
942 _kNWSO 000667
999 _c8851
_d8851